Library Banner

The Landscape of waste (Record no. 53526)

MARC details
000 -LEADER
fixed length control field 00457nam a2200181Ia 4500
001 - CONTROL NUMBER
control field 56213
008 - FIXED-LENGTH DATA ELEMENTS--GENERAL INFORMATION
fixed length control field 140506s9999 xx 000 0 und d
020 ## - INTERNATIONAL STANDARD BOOK NUMBER
International Standard Book Number 9788857208527
040 ## - CATALOGING SOURCE
Transcribing agency PK-LaUMT
082 ## - DEWEY DECIMAL CLASSIFICATION NUMBER
Classification number 712
Item number BER-L
100 ## - MAIN ENTRY--PERSONAL NAME
Personal name Bertagna, Alberto
245 #4 - TITLE STATEMENT
Title The Landscape of waste
Statement of responsibility, etc Bertagna, Alberto<>Marini, Sara
260 ## - PUBLICATION, DISTRIBUTION, ETC. (IMPRINT)
Place of publication, distribution, etc Milano,Italy:
Name of publisher, distributor, etc Skira Editore,
Date of publication, distribution, etc 2011
300 ## - PHYSICAL DESCRIPTION
Extent 127 p.
546 ## - LANGUAGE NOTE
Language note EN
700 ## - ADDED ENTRY--PERSONAL NAME
Personal name Marini, Sara
942 ## - ADDED ENTRY ELEMENTS (KOHA)
Koha item type Books
Holdings
Withdrawn status Lost status Damaged status Not for loan Home library Current library Date acquired Total Checkouts Full call number Barcode Date last seen Date checked out Price effective from Koha item type
        UMT Main Campus UMT Main Campus 2014-05-06 2 712 BER-L 76630 2018-01-26 2018-01-05 2014-05-08 Books